| 000 | 00720nam a2200253Ia 4500 | ||
|---|---|---|---|
| 003 | OSt | ||
| 005 | 20220928104816.0 | ||
| 006 | a|||||r|||| 00| 0 | ||
| 007 | ta | ||
| 008 | 220927b |||||||| |||| 00| 0 eng d | ||
| 020 | _c450 | ||
| 024 | _a109219 | ||
| 037 |
_b1202, 13/09/2010, Kiran Book Service _cTextual |
||
| 040 |
_aSDCL _cSDCL _beng |
||
| 041 |
_2eng _aeng |
||
| 082 | _aO152:gN, Q0 | ||
| 100 |
_aJoshi Rajesh _9393485 |
||
| 245 | 0 | _aSamkaleenata aur sahitya. | |
| 260 |
_aNew Delhi _bRajkamal Prakashan _c2010 |
||
| 300 |
_a307p. _ccm. |
||
| 650 |
_aHindi _9391598 |
||
| 942 |
_hO152:gN, Q0 _cTEXL _2CC |
||
| 999 |
_c727944 _d727944 |
||